سلمہ يا سمين نجمی -فکشن،فن ا و ر فنکا ر (Record no. 166991)

MARC details
000 -LEADER
fixed length control field 00714nam a22001937a 4500
005 - DATE AND TIME OF LATEST TRANSACTION
control field 20190819171035.0
010 ## - LCCN (DPL NO)
LC control number UR-10382
020 ## - INTERNATIONAL STANDARD BOOK NUMBER
Terms of availability 250.00
International Standard Book Number 9788193596203
035 ## - SYSTEM CONTROL NUMBER
System control number U-8937
037 ## - SOURCE OF ACQUISITION
Source of stock number/acquisition DBAD/PUB
Stock number -
082 ## - DEWEY DECIMAL CLASSIFICATION NUMBER
Classification number 840.8
100 ## - MAIN ENTRY--PERSONAL NAME
Personal name ر و بينہ نسر ين
245 ## - TITLE STATEMENT
Title سلمہ يا سمين نجمی -فکشن،فن ا و ر فنکا ر
Statement of responsibility, etc ر و بينہ نسر ين
246 ## - VARYING FORM OF TITLE
Remainder of title Salma Yasmeen Najmi:Fiction,Fan Aur Fankar (Urdu)
Title proper/short title by Rubina Nasreen
260 ## - PUBLICATION, DISTRIBUTION, ETC. (IMPRINT)
Place of publication, distribution, etc Delhi
Name of publisher, distributor, etc Educational Publishing House
Date of publication, distribution, etc 2017 ء
270 ## - ADDRESS
Address 3191,Vakil Street,Kucha Pandit,Lal Kuan,
City Delhi
Postal code 110006
Telephone number 23216162
Fax number -
300 ## - PHYSICAL DESCRIPTION
Extent 256 ص
Dimensions 22 Cm(Hb)
942 ## - ADDED ENTRY ELEMENTS (KOHA)
Source of classification or shelving scheme Dewey Decimal Classification
Item type Urdu Bks
Classification part 840.8
Call number suffix ر و ب
Holdings
Withdrawn status Lost status Not for loan Collection code Home library Current library Date acquired Source of acquisition Cost, normal purchase price Full call number Barcode Copy number Cost, replacement price Koha item type
    Not For Loan Non-fiction D.B.Act.Division D.B.Act.Division 19/08/2019 DBAD/PUB 250.00 840.8 ر و ب U-8937 1 250.00 Urdu Bks

© Delhi Public Library
Hit Counter
free hit counter